<?xml version="1.0" encoding="UTF-8"?>
<record
    xmlns:xsi="http://www.w3.org/2001/XMLSchema-instance"
    xsi:schemaLocation="http://www.loc.gov/MARC21/slim http://www.loc.gov/standards/marcxml/schema/MARC21slim.xsd"
    xmlns="http://www.loc.gov/MARC21/slim">

  <leader>01500njm a22003617a 4500</leader>
  <controlfield tag="005">20100917111631.0</controlfield>
  <controlfield tag="007">sd ammalaaahaa</controlfield>
  <controlfield tag="008">100904t        xxu||||| |||| 00| 0 hin d</controlfield>
  <datafield tag="028" ind1=" " ind2=" ">
    <subfield code="a">2392 195</subfield>
    <subfield code="b">PREMIUM</subfield>
  </datafield>
  <datafield tag="028" ind1=" " ind2=" ">
    <subfield code="a">2392 195</subfield>
    <subfield code="b">PREMIUM</subfield>
  </datafield>
  <datafield tag="028" ind1=" " ind2=" ">
    <subfield code="a">2392 195</subfield>
    <subfield code="b">PREMIUM</subfield>
  </datafield>
  <datafield tag="035" ind1=" " ind2=" ">
    <subfield code="a">GR-03088</subfield>
  </datafield>
  <datafield tag="040" ind1=" " ind2=" ">
    <subfield code="a">SED/VEN</subfield>
  </datafield>
  <datafield tag="100" ind1=" " ind2=" ">
    <subfield code="9">1184</subfield>
    <subfield code="a">Kishore Kumar</subfield>
  </datafield>
  <datafield tag="245" ind1=" " ind2=" ">
    <subfield code="a">Qurbani(Part-1)</subfield>
    <subfield code="b">Hindi Films /</subfield>
    <subfield code="c">by Kishore Kumar; Music by Kalyanji Anandji; Lyric by Farooq Kaiser</subfield>
    <subfield code="h">[Sound Recording] :</subfield>
  </datafield>
  <datafield tag="246" ind1=" " ind2=" ">
    <subfield code="a">&#x915;&#x941;&#x930;&#x92C;&#x93E;&#x928;&#x940; (&#x915;&#x93F;&#x936;&#x94B;&#x930; &#x915;&#x941;&#x92E;&#x93E;&#x930;)       </subfield>
  </datafield>
  <datafield tag="250" ind1=" " ind2=" ">
    <subfield code="a">P-1980</subfield>
  </datafield>
  <datafield tag="260" ind1=" " ind2=" ">
    <subfield code="a">Dum Dum, India :</subfield>
    <subfield code="b">PREMIUM</subfield>
  </datafield>
  <datafield tag="300" ind1=" " ind2=" ">
    <subfield code="a">1 sound disc [Gramophone Recording] :</subfield>
    <subfield code="b">analog, 33 1/3 rpm ;</subfield>
    <subfield code="c">12 in. [LP]</subfield>
    <subfield code="f">Gramophone Records</subfield>
  </datafield>
  <datafield tag="500" ind1=" " ind2=" ">
    <subfield code="a">Brief Records</subfield>
  </datafield>
  <datafield tag="500" ind1=" " ind2=" ">
    <subfield code="a">Record Labels: PREMIUM, Red</subfield>
  </datafield>
  <datafield tag="505" ind1=" " ind2=" ">
    <subfield code="a">Song Side-1; &#x915;&#x941;&#x930;&#x92C;&#x93E;&#x928; &#x915;&#x941;&#x930;&#x92C;&#x93E;&#x928;&#x940; (&#x915;&#x941;&#x930;&#x92C;&#x93E;&#x928;&#x940;) (&#x915;&#x93F;&#x936;&#x94B;&#x930; &#x915;&#x941;&#x92E;&#x93E;&#x930;, &#x905;&#x928;&#x935;&#x930; &#x914;&#x930; &#x905;&#x91C;&#x940;&#x91C; &#x928;&#x91C;&#x93E;), Song Side-2; &#x932;&#x948;&#x932;&#x93E; &#x913; &#x932;&#x948;&#x932;&#x93E; (&#x905;&#x92E;&#x93F;&#x924; &#x915;&#x941;&#x92E;&#x93E;&#x930;, &#x915;&#x902;&#x91A;&#x928; &#x914;&#x930; &#x91A;&#x94B;&#x930;&#x938;) (Part-2)     </subfield>
  </datafield>
  <datafield tag="600" ind1=" " ind2=" ">
    <subfield code="9">20259</subfield>
    <subfield code="a">Kishore Kumar</subfield>
  </datafield>
  <datafield tag="610" ind1=" " ind2=" ">
    <subfield code="9">20322</subfield>
  </datafield>
  <datafield tag="650" ind1=" " ind2=" ">
    <subfield code="a">Classical Music</subfield>
    <subfield code="x">Excerpts</subfield>
    <subfield code="z">India</subfield>
    <subfield code="9">18309</subfield>
  </datafield>
  <datafield tag="700" ind1=" " ind2=" ">
    <subfield code="9">18319</subfield>
    <subfield code="a">Anwar</subfield>
  </datafield>
  <datafield tag="700" ind1=" " ind2=" ">
    <subfield code="9">18320</subfield>
    <subfield code="a">Aziz Naza</subfield>
  </datafield>
  <datafield tag="700" ind1=" " ind2=" ">
    <subfield code="9">20323</subfield>
    <subfield code="a">Amit Kumar</subfield>
  </datafield>
  <datafield tag="700" ind1=" " ind2=" ">
    <subfield code="a">Kanchan</subfield>
    <subfield code="9">20456</subfield>
  </datafield>
  <datafield tag="700" ind1=" " ind2=" ">
    <subfield code="a">Chorus</subfield>
    <subfield code="9">20457</subfield>
  </datafield>
  <datafield tag="942" ind1=" " ind2=" ">
    <subfield code="2">ddc</subfield>
    <subfield code="c">GR</subfield>
  </datafield>
  <datafield tag="999" ind1=" " ind2=" ">
    <subfield code="c">46381</subfield>
    <subfield code="d">46381</subfield>
  </datafield>
  <datafield tag="952" ind1=" " ind2=" ">
    <subfield code="0">0</subfield>
    <subfield code="1">0</subfield>
    <subfield code="2">ddc</subfield>
    <subfield code="4">0</subfield>
    <subfield code="7">1</subfield>
    <subfield code="8">NFIC</subfield>
    <subfield code="a">L</subfield>
    <subfield code="b">L</subfield>
    <subfield code="c">AV</subfield>
    <subfield code="d">2010-09-17</subfield>
    <subfield code="e">SED/VEN</subfield>
    <subfield code="l">0</subfield>
    <subfield code="p">GR-03088</subfield>
    <subfield code="r">2010-09-17 00:00:00</subfield>
    <subfield code="t">1</subfield>
    <subfield code="w">2010-09-17</subfield>
    <subfield code="y">GR</subfield>
  </datafield>
</record>
